[Event "Titled Tuesday intern op 02nd Nov"]
[Site "Chess.com INT"]
[Date "2021.11.02"]
[Round "7"]
[White "Grieve, Harry"]
[Black "Sagripanti, Michele"]
[Result "0-1"]
[WhiteElo "2320"]
[BlackElo "2213"]
[PlyCount "78"]
[EventDate "2021.11.02"]
[EventType "swiss (blitz)"]
[EventRounds "11"]
[EventCountry "USA"]
[SourceTitle "CBM 205 Extra"]
[Source "ChessBase"]
[SourceDate "2022.01.31"]
[SourceVersion "1"]
[SourceVersionDate "2022.01.31"]
[SourceQuality "1"]

1. e4 g6 2. d4 Bg7 3. Nf3 c5 4. dxc5 Qa5+ 5. c3 Qxc5 6. Na3 Nf6 7. Nb5 Nxe4 8. Be3 Qc6 9. Nfd4 Bxd4 10. Qxd4 Nf6 11. Nxa7 Qc7 12. Nb5 Qa5 13. Qe5 0-0 14. Qxe7 Nd5 15. Qd6 Nxe3 16. fxe3 Nc6 17. Bc4 Qb6 18. 0-0 Qxe3+ 19. Kh1 Ne5 20. Bd5 Ra6 21. Qe7 Re6 22. Bxe6 dxe6 23. Rae1 Qd3 24. Nd6 Bd7 25. Rd1 Qe2 26. Rfe1 Qh5 27. Ne4 Ng4 28. Nf6+ Nxf6 29. Qxf6 Bc6 30. Rd2 b5 31. Red1 Bd5 32. b3 Qf5 33. Qxf5 gxf5 34. Ra1 Ra8 35. Kg1 Bxb3 36. Kf2 Bc4 37. Ke3 Kg7 38. h4 Kf6 39. Rd6 Rg8 0-1

[Event "Titled Tuesday intern op 05th Oct"]
[Site "Chess.com INT"]
[Date "2021.10.05"]
[Round "5"]
[White "Manukian, Artak"]
[Black "Sagripanti, Michele"]
[Result "0-1"]
[WhiteElo "2196"]
[BlackElo "2213"]
[PlyCount "64"]
[EventDate "2021.10.05"]
[EventType "swiss (blitz)"]
[EventRounds "11"]
[EventCountry "USA"]
[SourceTitle "CBM 204 Extra"]
[Source "ChessBase"]
[SourceDate "2021.11.30"]
[SourceVersion "1"]
[SourceVersionDate "2021.11.30"]
[SourceQuality "1"]

1. e4 g6 2. d4 Bg7 3. c4 c5 4. d5 b5 5. Nc3 d6 6. cxb5 a6 7. b6 Nf6 8. f3 0-0 9. Na4 Nbd7 10. Bd2 Nxb6 11. Ba5 Nfd7 12. Ne2 e6 13. dxe6 fxe6 14. Qxd6 Qh4+ 15. g3 Qf6 16. Bxb6 Qxf3 17. Rg1 Nxb6 18. Qxb6 Qf2+ 19. Kd2 Bd7 20. Nac3 Bb5 21. Qxe6+ Kh8 22. Nxb5 axb5 23. Kc2 Rad8 24. Rd1 Rxd1 25. Kxd1 Rd8+ 26. Kc2 Qf3 27. Nc3 Bxc3 28. Bxb5 Qf2+ 29. Kxc3 Qd2+ 30. Kb3 Qb4+ 31. Kc2 Rd2+ 32. Kc1 Qxb2# 0-1

[Event "Titled Tuesday intern op 14th Sept"]
[Site "Chess.com INT"]
[Date "2021.09.14"]
[Round "2"]
[White "Sagripanti, Michele"]
[Black "Khusnutdinov, Rustam"]
[Result "0-1"]
[WhiteElo "2188"]
[BlackElo "2484"]
[PlyCount "42"]
[EventDate "2021.09.14"]
[EventType "swiss (blitz)"]
[EventRounds "11"]
[EventCountry "USA"]
[SourceTitle "EXT 2022"]
[Source "ChessBase"]
[SourceDate "2021.10.06"]
[SourceVersion "1"]
[SourceVersionDate "2021.10.06"]
[SourceQuality "1"]

1. e4 e5 2. d4 exd4 3. c3 Qe7 4. Qxd4 Nf6 5. Bd3 d5 6. Nd2 Bf5 7. Ne2 dxe4 8. Bc2 Nc6 9. Qa4 0-0-0 10. 0-0 Bg6 11. Ng3 e3 12. Nf3 exf2+ 13. Rxf2 Qc5 14. Bxg6 hxg6 15. Bg5 Bd6 16. Nf1 Rde8 17. Bxf6 gxf6 18. Nd4 Re4 19. Rd1 Be5 20. b4 Nxb4 21. cxb4 Bxd4 0-1

[Event "Titled Tuesday intern op 14th Sept"]
[Site "Chess.com INT"]
[Date "2021.09.14"]
[Round "6"]
[White "Zaksaite, Salomeja"]
[Black "Sagripanti, Michele"]
[Result "1-0"]
[WhiteElo "2202"]
[BlackElo "2188"]
[PlyCount "65"]
[EventDate "2021.09.14"]
[EventType "swiss (blitz)"]
[EventRounds "11"]
[EventCountry "USA"]
[SourceTitle "EXT 2022"]
[Source "ChessBase"]
[SourceDate "2021.10.06"]
[SourceVersion "1"]
[SourceVersionDate "2021.10.06"]
[SourceQuality "1"]

1. e4 g6 2. d4 Bg7 3. Nc3 c5 4. d5 d6 5. Nf3 Nf6 6. a4 0-0 7. Bc4 Na6 8. 0-0 Nc7 9. Qe2 Nd7 10. Bd2 b6 11. h3 Rb8 12. a5 f6 13. axb6 axb6 14. Ra7 Ne5 15. Nxe5 fxe5 16. Rfa1 Bd7 17. Nb5 Bxb5 18. Bxb5 Ra8 19. Bc6 Rxa7 20. Rxa7 Bf6 21. Bh6 Bg7 22. Be3 Qb8 23. Rb7 Qc8 24. Qg4 Qd8 25. Qd7 Na6 26. Qe6+ Kh8 27. Rd7 Qc8 28. Qxe7 Rg8 29. Bh6 Qf8 30. Bxg7+ Qxg7 31. Qxd6 Qh6 32. Qxe5+ Rg7 33. Rd8# 1-0

[Event "Titled Tuesday intern op 06th Apr"]
[Site "Chess.com INT"]
[Date "2021.04.06"]
[Round "8"]
[White "Nozdrachev, Leonid"]
[Black "Sagripanti, Michele"]
[Result "1-0"]
[WhiteElo "2372"]
[BlackElo "2188"]
[PlyCount "78"]
[EventDate "2021.04.06"]
[EventType "swiss (blitz)"]
[EventRounds "11"]
[EventCountry "USA"]
[SourceTitle "CBM 201 Extra"]
[Source "ChessBase"]
[SourceDate "2021.05.31"]
[SourceVersion "1"]
[SourceVersionDate "2021.05.31"]
[SourceQuality "1"]

1. e4 g6 2. Nf3 Bg7 3. d4 c5 4. dxc5 Qa5+ 5. c3 Qxc5 6. Be3 Qc6 7. Nbd2 Nf6 8. Bd4 0-0 9. Bd3 d6 10. h3 Nbd7 11. 0-0 b6 12. e5 dxe5 13. Nxe5 Nxe5 14. Bxe5 Bb7 15. Nf3 Rad8 16. Qe2 e6 17. Rfe1 Qc8 18. Rad1 Qa8 19. Ba6 Rd5 20. Bxb7 Qxb7 21. c4 Rd7 22. Rxd7 Qxd7 23. Rd1 Qc6 24. b3 h6 25. Qb2 Nh5 26. Bxg7 Nxg7 27. Ne5 Qc7 28. Rd7 Qb8 29. Nxg6 Qe8 30. Nxf8 Kxf8 31. Rxa7 Qc6 32. Qf6 Qe8 33. Qxh6 Kg8 34. Qf4 f6 35. Qg3 Qf8 36. Qxg7+ Qxg7 37. Rxg7+ Kxg7 38. f4 Kg6 39. Kf2 Kf5 1-0

[Event "Titled Tuesday intern op 06th Apr"]
[Site "Chess.com INT"]
[Date "2021.04.06"]
[Round "11"]
[White "Sagripanti, Michele"]
[Black "Kadam, Om Manish"]
[Result "0-1"]
[WhiteElo "2188"]
[BlackElo "2114"]
[PlyCount "64"]
[EventDate "2021.04.06"]
[EventType "swiss (blitz)"]
[EventRounds "11"]
[EventCountry "USA"]
[SourceTitle "CBM 201 Extra"]
[Source "ChessBase"]
[SourceDate "2021.05.31"]
[SourceVersion "1"]
[SourceVersionDate "2021.05.31"]
[SourceQuality "1"]

1. e4 c5 2. c3 d5 3. exd5 Qxd5 4. d4 Nf6 5. Nf3 e6 6. Be2 Nc6 7. 0-0 cxd4 8. cxd4 Bb4 9. Nc3 Bxc3 10. bxc3 0-0 11. a4 b6 12. Nd2 Bb7 13. Bf3 Qd7 14. Nc4 Rfd8 15. Bg5 Nd5 16. Qd3 Ba6 17. Be2 Na5 18. Bxd8 Bxc4 19. Qc2 Rxd8 20. Rfe1 Bxe2 21. Rxe2 Rc8 22. Re4 Rxc3 23. Qe2 Nb3 24. Rd1 Qxa4 25. Rh4 g6 26. Qe5 Nc5 27. Qb8+ Kg7 28. Rf1 Nd7 29. Qd6 N5f6 30. Qe5 Nxe5 31. dxe5 Qxh4 32. exf6+ Kxf6 0-1

[Event "Titled Tuesday intern op 06th Apr"]
[Site "Chess.com INT"]
[Date "2021.04.06"]
[Round "10"]
[White "Sagripanti, Michele"]
[Black "Sawlin, Leonid"]
[Result "0-1"]
[WhiteElo "2188"]
[BlackElo "2385"]
[PlyCount "94"]
[EventDate "2021.04.06"]
[EventType "swiss (blitz)"]
[EventRounds "11"]
[EventCountry "USA"]
[SourceTitle "CBM 201 Extra"]
[Source "ChessBase"]
[SourceDate "2021.05.31"]
[SourceVersion "1"]
[SourceVersionDate "2021.05.31"]
[SourceQuality "1"]

1. e4 g6 2. d4 Bg7 3. Nc3 d6 4. Nf3 a6 5. a4 Nd7 6. h4 Ngf6 7. e5 dxe5 8. dxe5 Ng4 9. e6 fxe6 10. Ng5 Nde5 11. Qxd8+ Kxd8 12. Bf4 h6 13. Bxe5 Nxe5 14. 0-0-0+ Ke8 15. Nge4 Rf8 16. Be2 Bd7 17. Rhe1 Bc6 18. f3 Rd8 19. Nc5 Rxd1+ 20. Bxd1 Kf7 21. f4 Nc4 22. Nxe6 Bxc3 23. bxc3 Rc8 24. Bg4 Kf6 25. Nd4 Re8 26. Re6+ Kg7 27. Nxc6 bxc6 28. Rxc6 Nb6 29. a5 Nd5 30. Bf3 Nxf4 31. Rxa6 e5 32. Rc6 e4 33. Rxc7+ Kf6 34. Bg4 h5 35. Bd7 Re5 36. a6 e3 37. Rc4 e2 38. Rxf4+ Ke7 39. a7 e1Q+ 40. Kb2 Ra5 41. Bc6 Qa1+ 42. Kb3 Qa3+ 43. Kc4 Qc5+ 44. Kd3 Qxc6 45. Re4+ Qxe4+ 46. Kxe4 Rxa7 47. c4 Rd7 0-1

[Event "Arco Christmas op 10th"]
[Site "Arco"]
[Date "2019.12.27"]
[Round "3"]
[White "Sagripanti, Michele"]
[Black "Calavalle, Giulio"]
[Result "1-0"]
[WhiteElo "2161"]
[BlackElo "2211"]
[PlyCount "169"]
[EventDate "2019.12.26"]
[EventType "swiss"]
[EventRounds "7"]
[EventCountry "ITA"]
[SourceTitle "CBM 194 Extra"]
[Source "ChessBase"]
[SourceDate "2020.03.31"]
[SourceVersion "1"]
[SourceVersionDate "2020.03.31"]
[SourceQuality "1"]

1. e4 c5 2. c3 d6 3. d4 cxd4 4. cxd4 Nf6 5. Nc3 g6 6. Nf3 Bg7 7. Bg5 h6 8. Bxf6 exf6 9. Bc4 0-0 10. 0-0 Nc6 11. h3 f5 12. Qd3 Nb4 13. Qb1 Kh8 14. Bb3 a6 15. e5 Ra7 16. Re1 Nc6 17. Qc1 Na5 18. Bd5 b5 19. a3 Rc7 20. Ba2 Nc4 21. Nd5 Ra7 22. b3 Nb6 23. Nxb6 Qxb6 24. b4 dxe5 25. dxe5 Rc7 26. Qe3 Qxe3 27. Rxe3 Re8 28. Rae1 Rce7 29. h4 Bb7 30. e6 fxe6 31. Ne5 Kh7 32. f4 Bd5 33. Bb1 Bxe5 34. Rxe5 h5 35. Kf2 Rc7 36. Rxd5 Rc3 37. Rd7+ Kh6 38. Rd3 Rc4 39. g3 Kg7 40. Rde3 Kf6 41. Ba2 Rc6 42. Re5 Re7 43. R1e2 Rd6 44. R5e3 Rc6 45. Rd2 Rec7 46. Ke2 Ra7 47. Kd1 Rac7 48. Bb3 Rc1+ 49. Ke2 R7c6 50. Kf2 Rb6 51. Rde2 Rcc6 52. Re5 Rd6 53. Ke1 Rdc6 54. Kd2 Rd6+ 55. Kc3 Rbc6+ 56. Rc5 Rb6 57. Rd2 Rdc6 58. Rd8 Ke7 59. Rg8 Kf7 60. Ra8 Kf6 61. Ra7 Rd6 62. Rcc7 Rbc6+ 63. Rxc6 Rxc6+ 64. Kd4 Rd6+ 65. Kc5 Rd3 66. Bxe6 Kxe6 67. Rxa6+ Kf7 68. Kxb5 Rxg3 69. a4 Rg4 70. Rb6 Rxf4 71. a5 Rf1 72. a6 Ra1 73. Rb7+ Kf6 74. Kb6 f4 75. Rb8 g5 76. hxg5+ Kxg5 77. a7 f3 78. a8Q Rxa8 79. Rxa8 h4 80. Kc5 h3 81. b5 f2 82. Ra1 Kg4 83. b6 Kg3 84. b7 Kg2 85. b8Q 1-0

[Event "Chiuso ad Inviti Croce Verde 1st"]
[Site "Porto Sant Elpidio"]
[Date "2016.08.11"]
[Round "6"]
[White "Rinaudo, Andrea"]
[Black "Sagripanti, Michele"]
[Result "0-1"]
[WhiteElo "1943"]
[BlackElo "2157"]
[PlyCount "66"]
[EventDate "2016.08.07"]
[EventType "tourn"]
[EventRounds "7"]
[EventCountry "ITA"]
[SourceTitle "EXT 2018"]
[Source "ChessBase"]
[SourceDate "2017.10.13"]
[SourceVersion "1"]
[SourceVersionDate "2017.10.13"]
[SourceQuality "1"]

1. d4 g6 2. Nf3 Bg7 3. g3 Nf6 4. Bg2 0-0 5. 0-0 d6 6. c4 Nbd7 7. Nc3 e5 8. e4 exd4 9. Nxd4 Re8 10. Re1 Nc5 11. b3 Ng4 12. h3 Qf6 13. Be3 Nxe3 14. fxe3 c6 15. Rc1 Bd7 16. b4 Ne6 17. Nf3 Qe7 18. Qd2 Rad8 19. Kh2 Bc8 20. a3 Ng5 21. Nd4 h5 22. h4 Nh7 23. b5 Bd7 24. bxc6 bxc6 25. Bh3 Be5 26. Kg2 Nf6 27. Bxd7 Qxd7 28. Qe2 c5 29. Nf3 Bxc3 30. Rxc3 Nxe4 31. Rd3 Qg4 32. Rb1 Nxg3 33. Qd1 Nf5+ 0-1

[Event "Chiuso ad Inviti Croce Verde 1st"]
[Site "Porto Sant Elpidio"]
[Date "2016.08.11"]
[Round "7"]
[White "Sagripanti, Michele"]
[Black "Renzetti, Leonardo"]
[Result "1/2-1/2"]
[WhiteElo "2157"]
[BlackElo "1858"]
[PlyCount "61"]
[EventDate "2016.08.07"]
[EventType "tourn"]
[EventRounds "7"]
[EventCountry "ITA"]
[SourceTitle "EXT 2018"]
[Source "ChessBase"]
[SourceDate "2017.10.13"]
[SourceVersion "1"]
[SourceVersionDate "2017.10.13"]
[SourceQuality "1"]

1. e4 d5 2. exd5 Qxd5 3. Nc3 Qa5 4. Bc4 Nf6 5. d3 Bg4 6. f3 Bh5 7. Bd2 c6 8. Nge2 Nbd7 9. b4 Qd8 10. Nf4 e5 11. Nxh5 Nxh5 12. Ne4 Nb6 13. Qe2 Be7 14. Ng3 Nxg3 15. hxg3 0-0 16. Qe4 g6 17. Bb3 Qd4 18. Ke2 Rad8 19. Qxd4 exd4 20. Rh3 Bf6 21. Rah1 h5 22. Kf2 Nd5 23. Re1 Rfe8 24. Rxe8+ Rxe8 25. Rh1 Nc3 26. Re1 Rxe1 27. Kxe1 Be7 28. Bxc3 dxc3 29. a3 c5 30. bxc5 Bxc5 31. a4 1/2-1/2

[Event "ITA-ch U20"]
[Site "Porto San Giorgio"]
[Date "2013.08.26"]
[Round "6"]
[White "Sagripanti, Michele"]
[Black "Dappiano, Andrea"]
[Result "0-1"]
[WhiteElo "2060"]
[BlackElo "2149"]
[PlyCount "104"]
[EventDate "2013.08.21"]
[EventType "swiss"]
[EventRounds "9"]
[EventCountry "ITA"]
[SourceTitle "EXT 2015"]
[Source "ChessBase"]
[SourceDate "2014.11.20"]
[SourceVersion "1"]
[SourceVersionDate "2014.11.20"]
[SourceQuality "1"]

1. e4 e6 2. d4 d5 3. Nd2 Nc6 4. Ngf3 Nf6 5. e5 Nd7 6. Bb5 a5 7. Nf1 Na7 8. Bd3 c5 9. c3 Nc6 10. Be3 b6 11. Ng5 g6 12. h4 h6 13. Nxe6 fxe6 14. Bxg6+ Ke7 15. Qf3 Ndxe5 16. dxe5 Nxe5 17. Qh5 Nxg6 18. Qxg6 Qe8 19. Qg3 Kd7 20. 0-0-0 Bd6 21. Qg7+ Kc6 22. Ng3 Bd7 23. h5 Qg8 24. Qg6 Qxg6 25. hxg6 Rag8 26. Ne2 Rxg6 27. Rdg1 e5 28. Rh4 Be7 29. Rh2 h5 30. Rgh1 h4 31. g3 h3 32. f3 Rf8 33. f4 e4 34. Rxh3 Bxh3 35. Rxh3 Bf6 36. f5 Rgg8 37. Rh7 Bg5 38. Bxg5 Rxg5 39. Nf4 Rfxf5 40. Rh6+ Kb7 41. Rh7+ Kc6 42. Rh6+ Kb5 43. Ne6 Rxg3 44. b3 a4 45. Nc7+ Ka5 46. Rh8 b5 47. Rh6 Rxc3+ 48. Kb2 Rf2+ 49. Kb1 Rd3 50. Ra6+ Kb4 51. Kc1 Rg3 52. Nxd5+ Ka3 0-1

[Event "Morrovalle op 3rd"]
[Site "Trodica di Morrovalle"]
[Date "2013.08.18"]
[Round "5"]
[White "Rinaudo, Sergio"]
[Black "Sagripanti, Michele"]
[Result "0-1"]
[WhiteElo "2122"]
[BlackElo "2060"]
[PlyCount "64"]
[EventDate "2013.08.16"]
[EventType "swiss"]
[EventRounds "5"]
[EventCountry "ITA"]
[SourceTitle "EXT 2015"]
[Source "ChessBase"]
[SourceDate "2014.11.20"]
[SourceVersion "1"]
[SourceVersionDate "2014.11.20"]
[SourceQuality "1"]

1. d4 Nf6 2. Nf3 e6 3. c4 Bb4+ 4. Bd2 Qe7 5. g3 0-0 6. Bg2 Nc6 7. a3 Bxd2+ 8. Nbxd2 d6 9. 0-0 e5 10. e3 Bg4 11. Qc2 Rfe8 12. dxe5 dxe5 13. Ng5 h6 14. Nge4 Rad8 15. Nc3 Qd7 16. Nde4 Nxe4 17. Nxe4 b6 18. Nc3 Na5 19. Nd5 c6 20. b4 cxd5 21. bxa5 d4 22. exd4 exd4 23. axb6 axb6 24. Bd5 b5 25. Rfe1 Rxe1+ 26. Rxe1 bxc4 27. Bxc4 d3 28. Qd2 Qd4 29. Bxd3 Bf5 30. Re3 Bxd3 31. Qd1 Be4 32. Qe1 Bc6 0-1

[Event "Fermo Province-ch"]
[Site "Fermo"]
[Date "2013.01.20"]
[Round "3"]
[White "Sagripanti, Michele"]
[Black "Santinelli, Michele"]
[Result "1-0"]
[WhiteElo "2040"]
[BlackElo "1802"]
[PlyCount "121"]
[EventDate "2013.01.19"]
[EventType "swiss"]
[EventRounds "6"]
[EventCountry "ITA"]
[SourceTitle "EXT 2014"]
[Source "ChessBase"]
[SourceDate "2013.11.20"]
[SourceVersion "1"]
[SourceVersionDate "2013.11.20"]
[SourceQuality "1"]

1. e4 e5 2. Nf3 d6 3. d4 exd4 4. Nxd4 Nf6 5. Nc3 Be7 6. Bc4 0-0 7. f3 Nbd7 8. Nf5 Ne5 9. Nxe7+ Qxe7 10. Bb3 Be6 11. Bg5 h6 12. Bh4 Ng6 13. Bxf6 Qxf6 14. Bxe6 fxe6 15. Qd2 Qf4 16. 0-0-0 a6 17. Kb1 Qxd2 18. Rxd2 Rf7 19. Rhd1 Ne5 20. b3 Raf8 21. Ne2 Nc6 22. Kb2 Rf6 23. Nd4 Nxd4 24. Rxd4 e5 25. Rd5 g5 26. c4 Kf7 27. c5 Ke7 28. Rc1 Kd7 29. Rcd1 Ke7 30. h3 Rc8 31. Rc1 Kd7 32. Rcd1 Ke7 33. Ka3 Re6 34. Ka4 b6 35. b4 Kd7 36. a3 Rb8 37. cxd6 cxd6 38. b5 a5 39. Rc1 Rc8 40. Rxc8 Kxc8 41. Rd2 h5 42. Kb3 Kc7 43. Kc4 Rf6 44. Kd5 g4 45. hxg4 hxg4 46. Rc2+ Kb7 47. Rc3 Rg6 48. a4 g3 49. Rc6 Rh6 50. Rxd6 Rh2 51. Kxe5 Rxg2 52. Rg6 Ra2 53. Rxg3 Rxa4 54. Rg7+ Kc8 55. Kd6 Rc4 56. e5 Rf4 57. Rc7+ Kb8 58. Rc3 Rd4+ 59. Kc6 Ka7 60. e6 Rd2 61. Re3 1-0

[Event "Porto San Giorgio Weekend 15th"]
[Site "Porto San Giorgio"]
[Date "2012.11.25"]
[Round "6"]
[White "Rinaudo, Sergio"]
[Black "Sagripanti, Michele"]
[Result "1/2-1/2"]
[WhiteElo "2116"]
[BlackElo "2032"]
[PlyCount "47"]
[EventDate "2012.11.17"]
[EventType "swiss"]
[EventRounds "6"]
[EventCountry "ITA"]
[SourceTitle "EXT 2014"]
[Source "ChessBase"]
[SourceDate "2013.11.20"]
[SourceVersion "1"]
[SourceVersionDate "2013.11.20"]
[SourceQuality "1"]

1. d4 Nf6 2. Nf3 d5 3. c4 g6 4. Nc3 Bg7 5. e3 0-0 6. Bd3 Nc6 7. 0-0 Bg4 8. cxd5 Nxd5 9. h3 Nxc3 10. bxc3 Bxf3 11. Qxf3 Ne5 12. Qe2 Nxd3 13. Qxd3 c5 14. Ba3 Rc8 15. Qb5 b6 16. dxc5 bxc5 17. Rfd1 Qb6 18. Rab1 Bxc3 19. Qxb6 axb6 20. Rxb6 Be5 21. Rc1 Bd6 22. Rc4 Ra8 23. Rb3 Ra5 24. Rbc3 1/2-1/2

[Event "ITA-ch B"]
[Site "Civitanova Marche"]
[Date "2012.07.17"]
[Round "3"]
[White "Sagripanti, Michele"]
[Black "Santeramo, Domenico"]
[Result "1/2-1/2"]
[WhiteElo "1981"]
[BlackElo "2042"]
[PlyCount "67"]
[EventDate "2012.07.15"]
[EventType "swiss"]
[EventRounds "8"]
[EventCountry "ITA"]
[SourceTitle "EXT 2023"]
[Source "ChessBase"]
[SourceDate "2022.10.05"]
[SourceVersion "1"]
[SourceVersionDate "2022.10.05"]
[SourceQuality "1"]

1. e4 e6 2. d4 d5 3. Nd2 dxe4 4. Nxe4 b6 5. Be2 Bb7 6. Bf3 Nc6 7. c3 Qd7 8. Bf4 h6 9. h4 0-0-0 10. a4 a5 11. Ne2 f5 12. Nd2 Be7 13. h5 Nf6 14. Nc4 Nd5 15. Qb3 Rhe8 16. Rd1 Bg5 17. Bh2 Qf7 18. 0-0 g6 19. hxg6 Qg7 20. Rfe1 Qxg6 21. Qb5 Rg8 22. b4 Nce7 23. Nxb6+ Nxb6 24. Qc5 Rd7 25. d5 Bxd5 26. Rxd5 exd5 27. bxa5 Qc6 28. Qxc6 Nxc6 29. axb6 cxb6 30. Nd4 Nxd4 31. cxd4 f4 32. Bg4 Kc7 33. Rc1+ Kd6 34. Bxd7 1/2-1/2

[Event "ITA-ch B"]
[Site "Civitanova Marche"]
[Date "2012.07.16"]
[Round "2"]
[White "Mastroddi, Emiliano"]
[Black "Sagripanti, Michele"]
[Result "0-1"]
[WhiteElo "2089"]
[BlackElo "1981"]
[PlyCount "86"]
[EventDate "2012.07.15"]
[EventType "swiss"]
[EventRounds "8"]
[EventCountry "ITA"]
[SourceTitle "EXT 2023"]
[Source "ChessBase"]
[SourceDate "2022.10.05"]
[SourceVersion "1"]
[SourceVersionDate "2022.10.05"]
[SourceQuality "1"]

1. c4 e6 2. g3 d5 3. Bg2 Nf6 4. Nf3 dxc4 5. Qa4+ Bd7 6. Qxc4 Bc6 7. 0-0 Nbd7 8. d3 Nb6 9. Qc2 Be7 10. Nc3 0-0 11. a3 Nfd5 12. Nxd5 exd5 13. Ne5 Be8 14. b3 f6 15. Nf3 c5 16. a4 Bf7 17. a5 Nd7 18. d4 Rc8 19. Qd1 c4 20. bxc4 dxc4 21. Nh4 b5 22. axb6 axb6 23. Nf5 b5 24. Ra7 b4 25. e3 Bg6 26. Bd5+ Kh8 27. Nxe7 Qxe7 28. Qa4 Nb6 29. Qa6 Rc7 30. Rxc7 Qxc7 31. Bg2 c3 32. Qb5 Qd6 33. e4 Be8 34. Qd3 Qc7 35. Rd1 Qc4 36. Qe3 Ba4 37. Bf1 Qc7 38. Re1 b3 39. Ba3 Re8 40. Qd3 b2 41. Qb1 Nc4 42. Bxc4 Qxc4 43. Bxb2 Rb8 0-1